000 00359nam a22001577a 4500
003 OSt
005 20241204115525.0
008 241204b |||||||| |||| 00| 0 eng d
024 _a9780140455113
040 _cIIMT UNIVERSITY MEERUT
100 _aPLATO
245 _aTHE REPUBLIC
_hENGLISH
260 _aPENGUIN CLASSICS
300 _a416
942 _2ddc
_c02
999 _c64720
_d64720